| 000 | 00596nam a2200145Ia 4500 | ||
|---|---|---|---|
| 008 | 140724s9999 xx 000 0 und d | ||
| 050 |
_aHF 5801 _b.V718 2010 |
||
| 100 | _aVillanueva, Maria Christina Sophia B. | ||
| 245 |
_aInfluences of candy, meg, and seventeen magazines on the lifestyle of selected female High School Students in Las Piñas City / _cMaria Christian Sophia B. Villanueva. |
||
| 260 |
_aLas Piñas, Philippines : _bSouthville International School and Colleges, _cC2010. |
||
| 300 |
_a71 p. : _bill. ; _c28 cm. |
||
| 521 | _aMass Communication | ||
| 942 | _cTH | ||
| 999 |
_c228837 _d228837 |
||